Random Groups #2 - Statistics

General Stats
  • This quiz has been taken 8 times
    3 since last reset
  • The average score is 16 of 22
Answer Stats
Hint Answer % Correct
European countries that beat Montenegro in percent of land that is forest Finland
100%
Most guessed countries on the Countries of the World Quiz that do not have a land border Iceland
100%
Countries that have left the commonwealth of nations and not returned Ireland
100%
Countries where you can not officially buy a Coca-Cola Russia
100%
European countries that beat Montenegro in percent of land that is forest Sweden
100%
Countries that are doubly landlocked Uzbekistan
100%
Carbon negative countries Bhutan
67%
Countries that are in the median land area of the world Bulgaria
67%
Least guessed countries on the Countries of the World Quiz that have a land border Burundi
67%
Countries where you can not officially buy a Coca-Cola Cuba
67%
Countries that are in the median land area of the world Cuba
67%
Countries that are in the median land area of the world Guatemala
67%
Least guessed countries on the Countries of the World Quiz that have a land border Guinea-Bissau
67%
Most guessed countries on the Countries of the World Quiz that do not have a land border Japan
67%
Countries that are doubly landlocked Liechtenstein
67%
Most guessed countries on the Countries of the World Quiz that do not have a land border New Zealand
67%
Countries where you can not officially buy a Coca-Cola North Korea
67%
Carbon negative countries Panama
67%
Carbon negative countries Suriname
67%
Countries that have left the commonwealth of nations and not returned Zimbabwe
67%
Countries that are in the median land area of the world Liberia
33%
Least guessed countries on the Countries of the World Quiz that have a land border Timor-Leste
33%
No matching quizzes found
Score Distribution
Percent of People with Each Score
Percentile by Number Answered
Your Score History
You have not taken this quiz since the last reset